| 000 | 00509nam a2200145Ia 4500 | ||
|---|---|---|---|
| 008 | 170221s9999 xx 000 0 und d | ||
| 100 | _aWesner, Bradley S. | ||
| 245 | _aBefore they even think it: How high performance teams learn to anticipate critical incidents | ||
| 245 | _cBradley S. Wesner, Sam Houston State University. | ||
| 260 | _bJournal of Management and Marketing Research | ||
| 260 | _c2012 | ||
| 300 | _a32 : 6 | ||
| 650 | _xBusiness | ||
| 856 | _uhttp://www.aabri.com/manuscripts/152342.pdf | ||
| 999 |
_c311258 _d311258 |
||